000 00758nam a2200241Ia 4500
003 OSt
005 20220927105029.0
006 a|||||r|||| 00| 0
007 ta
008 220926b |||||||| |||| 00| 0 eng d
024 _a184751
037 _cReference Collections
040 _aRTL
_cRTL
_beng
041 _2eng
_aeng
082 _a"X9:6.271.N69<N64r, K9"
110 _aMADHYA PRADESH FINANCIAL CORPORATION
_9369654
245 0 _a"Annual report and accounts,1964-69."
260 _aIndore
_bMadhya Pradesh Financial Corporation
_c1969
300 _a28p.
_ccm.
700 _aMADHYA PRADESH FINANCIAL CORPORATION
_9369655
942 _h"X9:6.271.N69<N64r, K9"
_cCC
999 _c690340
_d690340